000 00584nam a2200181Ia 4500
003 IN-BaIIA
008 211028s9999 xx 000 0 eng d
020 _a0-444-86746-5
040 _cIIA Library
080 _a524.834(063)
_bMAR
245 0 _aMarcel Grossmann meeting on general relativity
_bpt. B
_cedited by Ning Hu
260 _aBeijing
_bScience Press
_c1983
300 _a[various pagings.]
650 _aAstronomy and astrophysics thesaurus
650 _aGeneral relativity
_93824
700 _aNing, Hu., ed.
_914549
942 _cBK
999 _c8663
_d8663